Ekonomika vnútorného obchodu vybrané kapitoly
Uložené v:
| Hlavný autor: | |
|---|---|
| Korporativný autor: | |
| Ďalší autori: | , , , , , , , , |
| Médium: | Kniha |
| Jazyk: | Slovak |
| Vydavateľské údaje: |
Bratislava
Edičné stredisko Vysokej školy ekonomickej
1977
|
| Predmet: | |
| Tagy: |
Žiadne tagy, Buďte prvý, kto otaguje tento záznam!
|
MARC
| LEADER | 00000nam a2200000 4500 | ||
|---|---|---|---|
| 001 | 0129091 | ||
| 005 | 20240502072500.8 | ||
| 041 | 0 | |a slo | |
| 044 | |a SK | ||
| 245 | 1 | 0 | |a Ekonomika vnútorného obchodu |b vybrané kapitoly |c Marta Kulčáková a kolektív |
| 264 | 1 | |a Bratislava |b Edičné stredisko Vysokej školy ekonomickej |c 1977 | |
| 300 | |a 154 s. | ||
| 610 | 2 | 0 | |a obchod vnútorný |
| 610 | 2 | 0 | |a spotreba |
| 610 | 2 | 0 | |a potreby |
| 610 | 2 | 0 | |a príjmy obyvateľstva |
| 610 | 2 | 0 | |a výdavky obyvateľstva |
| 610 | 2 | 0 | |a ochrana spotrebiteľa |
| 610 | 2 | 0 | |a riadenie obchodu |
| 100 | 1 | |a Rendoš, Ladislav | |
| 700 | 1 | |a Kulčáková, Marta | |
| 700 | 1 | |a Prachár, Juraj | |
| 700 | 1 | |a Vávra, Viktor | |
| 700 | 1 | |a Strážovská, Helena | |
| 700 | 1 | |a Kováč, Viliam | |
| 700 | 1 | |a Bukovinská, Lívia | |
| 700 | 1 | |a Kita, Jaroslav | |
| 700 | 1 | |a Šiška, Emil | |
| 700 | 1 | |a Sniščák, Vincent | |
| 710 | 2 | |a Vysoká škola ekonomická v Bratislave. Obchodná fakulta | |